Best aid to ophthalmology

Saved in:
Bibliographic Details
Main Author: PRADO,TK
Format: Book
Language:English
Published: Jaypee Brothers Medical Publishers 2013
Tags: Add Tag
No Tags, Be the first to tag this record!

MARC

LEADER 00000nam a22000007a 4500
008 210713b ||||| |||| 00| 0 eng d
020 |a 9789350257609 
100 |a PRADO,TK 
245 |a Best aid to ophthalmology  |c Prado TK  |g XII, 489p.:ill. 
260 |b Jaypee Brothers Medical Publishers  |c 2013  |h New Delhi  |i 696459  |i 696460  |l RE72.5.P8  |m Eye--Disease  |m Ophthalmology--Nursing texts  |m Allied health personnel 
500 |a It includes index 
942 |a lcc  |c BK  |e Kuteyi M. A.  |f 13/7/21 
952 |0 0  |1 0  |2 lcc  |4 0  |6 RE00725 P88  |7 0  |9 2784  |a HOL  |b HOL  |c QZ  |d 2021-07-13  |l 0  |o RE72.5.P88  |p 2021-6644  |r 2021-07-13 00:00:00  |w 2021-07-13  |y BK 
952 |0 0  |1 0  |2 lcc  |4 0  |6 RE00725 P88  |7 0  |9 2785  |a HOL  |b ML  |c QZ  |d 2021-07-13  |l 0  |o RE72.5.P88  |p 2021-6645  |r 2021-07-13 00:00:00  |w 2021-07-13  |y BK 
999 |c 1449  |d 1449